Co może nas złapać? - Statystyki

Ogólne statystyki
  • Ten quiz został rozwiązany 22 razy
  • Średni wynik to 2 z 5
Statystyki odpowiedzi
Odpowiedź % Poprawnych
Choroba
74%
Katar
42%
Skurcz
32%
Przeziębienie
26%
Fotoradar
11%
Nie znaleziono quizów pasujących do podanych kryteriów
Rozkład punktacji
Procent ludzi z każdym wynikiem
Percentyl według liczby udzielonych odpowiedzi
Twoja historia wyników
Nie rozwiązałeś tego quizu